Darjeeling - Choix multiples - Statistiques

Statistiques générales
  • Ce quiz a été pris 27 fois
  • Le résultat moyen est 6 sur 10
Statistiques - réponses
Question Réponse % Correct
Située à plus de 2000m d'altitude, dans quel massif montagneux se situe Darjeeling ? Himalaya
100%
Quel pays colonisateur a fondé Darjeeling ? Royaume-Uni
100%
Pour quel produit est principalement connue Darjeeling ? Thé
96%
Quelle figure religieuse a effectué son initiation à Darjeeling ? Mère Teresa
80%
Quel alpiniste aura fugué dans l'adolescence à Darjeeling avant d'y revenir passer les dernières années de sa vie ? Tensing Norgay
60%
Quelle était la fonction première de la ville ? Sanatorium
48%
Qu'est-ce que le goyang, spécialité culinaire de Darjeeling ? Une fleur fermentée
44%
Laquelle de ces photos a été prise à Darjeeling ?
36%
Quel bien culturel de Darjeeling est inscrit au patrimoine mondial de l'UNESCO ? Son chemin de fer
36%
Quelle femme ayant reçu deux Oscars de la meilleure actrice est née à Darjeeling ? Vivien Leigh
24%
Aucun quiz correspondant
Distribution des résultats
% des personnes avec chaque résultat
Percentile par nombre de réponses
Votre historique - résultats
Vous n’avez pas pris ce quiz